000 01787cam a22004814i 4500
003 PE-LiUPU
005 20250731173353.0
008 150706s r 000 0 d
020 _a9781602582439
035 _a(Sirsi) i9781602582439
040 _aPE-LiUPU
_bspa
_cPE-LiUPU
_erda
049 _aPRUA
082 0 4 _a270.82
_bB17
_221
100 1 _aBalmer, Randall Herbert,
_eautor.
245 1 4 _aThe making of evangelicalism :
_bfrom revivalism to politics, and beyond /
_cRandall Balmer.
264 1 _aWaco, Texas :
_bBaylor University Press,
_c2010.
300 _a89 páginas ;
_c23 centímetros
336 _atext
_2rdacontent
337 _aunmediated
_2rdamedia
338 _avolume
_2rdacarrier
504 _aIncludes bibliographical references.
505 0 _aThe Age of Revivals and the First Amendment -- The Transition from Postmillennialism to Premillennialism -- The Construction of a Subculture -- The Rise of the Religious Rigth.
526 _aSEG42
526 _aSEG41
526 _aSEG40
526 _aSEG39
526 _aP94
526 _aP87
526 _aP86
526 _aP85
526 _aP77
526 _aP76
526 _aP35
650 1 4 _aIglesia Evangélica
_zEstados Unidos
_xHistoria.
650 1 4 _aEstados Unidos
_xHistoria de la Iglesia.
910 _bjv
_cjvm
_d20100705
942 _2ddc
_cBOOK
949 _a270.82 B17
_wDEWEY
_c1
_i61934
_lCCODEBUL1
_mBUL
_p25.00
_r0
_sY
_tBOOK
_u2015-7-6
_xTEOLOGIA
_PP35
_0COMPRA
_o.STAFF. Colección General
994 _aC0
_bPEPRU
596 _a1
999 _a270.82 B17
_wDEWEY
_c51053
_i61934
_f2021-11-11
_g6
_lCCODEBUL1
_mBUL
_p25.00
_r0
_sY
_tBOOK
_u2015-7-6
_xTEOLOGIA
_PP35
_0COMPRA
_o.STAFF. Colección General
_d51053
980 _81
_gALBERTO SANCHEZ Responsable de Automatización